| 000 | 00961pam a2200301 a 4500 | ||
|---|---|---|---|
| 001 | 3225 | ||
| 005 | 20260325103504.0 | ||
| 020 | _a0590444085 | ||
| 040 |
_aDLC _cDLC _dDLC _beng |
||
| 050 | 0 | 0 |
_aQC981.G53 _b 1990 |
| 082 | 0 | 0 | _a551.6014 |
| 100 | 1 | _aGibbons, Gail | |
| 245 | 1 | 0 |
_aWeather words and what they mean / _cby Bibbons, Gail |
| 250 | _aFirst Scholastic printing, February 1991 | ||
| 260 |
_aNew York : _bScholastic , _c1990 |
||
| 300 |
_a32 pages : _bcolor illustrations ; _c21 cm . |
||
| 500 | _aCover title: Weather words. | ||
| 505 | _aN | ||
| 520 | _aIntroduces basic weather terms and concepts. | ||
| 521 |
_a590
_bLexile |
||
| 521 |
_aN
_bRaz-Plus |
||
| 650 | 0 |
_aWeather _xTerminology _xJuvenile literature |
|
| 650 | 0 |
_aMeteorology _xTerminology _xJuvenile literature |
|
| 650 | 1 |
_aWeather _xTerminology. |
|
| 650 | 1 |
_aMeteorology _xTerminology |
|
| 906 |
_a7 _bcbc _corignew _d1 _eocip _f19 _gy-gencatlg |
||
| 942 |
_2ddc _cBK _n0 |
||
| 999 |
_c3225 _d3225 |
||